Le mystère des cathédrales : et l’interprétation ésotérique des symboles hermétiques du grand oeuvre /

Gespeichert in:
Bibliographische Detailangaben
1. Verfasser: Fulcanelli (autor)
Weitere Verfasser: Canseliet, Eugène (prólogo) (prólogo)
Format: Buch
Sprache:Französisch
Veröffentlicht: París, Francia : Jean-Jacques Pauvert, 1964, c1964
Tags: Tag hinzufügen
Keine Tags, Fügen Sie das erste Tag hinzu!

MARC

LEADER 00000nam^a2200000^a^4500
001 000569136
005 20250521000000.0
009 20260310132202.836
037 |a Acervo Xavier Clavigero 
041 |a FRA 
091 |a FPA. 02499 
100 |a Fulcanelli  |e (autor) 
245 1 3 |a Le mystère des cathédrales :  |b et l’interprétation ésotérique des symboles hermétiques du grand oeuvre / 
264 4 |a París, Francia :  |b Jean-Jacques Pauvert,  |c 1964, c1964 
300 |a 243 p. 
336 |a texto  |b txt  |2 rdacontenido 
337 |a sin mediación  |b n  |2 rdamedio 
338 |a volumen  |b nc  |2 rdasoporte 
649 |a XX 
700 |a Canseliet, Eugène  |e (prólogo) 
910 |a Fondo José Ignacio Palencia Gómez S.J. 
920 |a Impresos - Libros 
930 |a Fondos Especiales 
905 |a 137 
901 |a 0500340273  |b IT2  |c ESL  |i D  |u 20250521 
902 |a https://opac.biblio.iteso.mx/vufind/Record/000569136